000 00656nab a2200193 4500
001 244442
003 OSt
005 20240417120538.0
007 tu
008 200917s2020|||||||
040 _aDE-2950
_cDE-2950
245 0 0 _aEndspurt auf der Baustelle
_bVerwaltung. Bald ist die Sanierung des Rathauses abgeschlossen. Wann werden die ersten Büros bezogen? Und kann der Eröffnungstermin eingehalten werden?
_cLisa Larossa
264 _c2024
653 _aFrankfurt (Oder)
653 _aRathaussanierung
653 _aneue Straßenbahn
773 0 _g35. Jahrgang (2024) Nr. 76 vom 12.04.2024, S. 13 mit Foto
_tMärkische Oderzeitung
942 _2z
_cA
999 _c373067
_d373067